1146 1038 1918 1495 1130 1866 1693 1789 1843 1583 1739 1237 1049 1879 1484 1316 1375 1274 1304 1755 1408 1209 1350 1616 1022 1194 1520 1520 1396 1805 1374 1512 1476 1042 1556 1215 1418 1063 1423 1961 1879 1206 1585 1968 1125 1862 1894 1249 1159 1150 1089 1679 1791 1274 1423 1659 1389 1701 1593 1956 1440 1218 1191 1704 1759 1066 1220 1355 1489 1225 1864 1214 1750 1227 1582 1060 1000 1356 1746 1544 1915 1353 1356 1147 1338 1758 1256 1455 1886 1349 1865 1490 1688 1058 1906 1939 1212 1956 1000 BCNSPRNW ULIB Ver.6.0+V

เปลี่ยนเป็นภาษาไทย

Change to English
 แสดงรายละเอียดบรรณานุกรม
  กลับหน้าหลัก

Brief Record : Get Marc (ISO 2709) : E-mail record : QR code < ปิดหน้าต่าง
LEADER : 00000nam 2200000uu 4500
001    13399114266
003     ULIB
008    120315s||||||||th 000 0 tha d
020    ^a9749183371
020    ^a9789749183373
060 04 ^aWD210^bป411อ
100 0  ^aประสาร เปรมะสกุล,^cพล. อ.
245 10 ^aอ้วนไม่อ้วนก็ควรลดไขมัน /^cประสาร เปรมะสกุล
250    ^aพิมพ์ครั้งที่ 1
260    ^aกรุงเทพฯ :^bอรุณการพิมพ์,^c2547
300    ^a(9), 273 หน้า ;^c22 ซม.
440  0 ^aชุดชีววิถึแนวใหม่ ;^vเล่มที่ 3
650  7 ^aการลดความอ้วน
650  7 ^aการกำหนดอาหาร
650  7 ^aอาหาร, การกำหนด
945    ^p280^l0^i031240
995    ^aทศพร
999 ^a ทศพร
รายการนี้ยังไม่มีแท็ก
คุณยังไม่ได้ล็อกอิน คุณสามารถมีกิจกรรมร่วมกับเว็บไซต์ได้ แต่ต้องล็อกอินก่อน ::
  ล็อกอิน

รายการสื่อสารสนเทศ

ลำดับที่ ประเภท เลขเรียก/บาร์โค้ด สถานที่ สถานะ
- ไม่พบข้อมูล -

รายการใกล้เคียง
    หัวเรื่อง [การลดความอ้วน]
    หัวเรื่อง [การกำหนดอาหาร]
    หัวเรื่อง [อาหาร, การกำหนด]

BibComment


ยังไม่เคยถูกคอมเมนท์

คอมเมนท์ทรัพยากรรายการนี้
  คอมเมนท์: อ้วนไม่อ้วนก็ควร..


 Copyright 2026. Bcnsprnw @Library